[Event "St Chely d'Aubrac op 9th"]
[Site "St Chely d'Aubrac"]
[Date "2009.07.13"]
[Round "3"]
[White "Bou, Georges"]
[Black "Mayet, Lucas"]
[Result "0-1"]
[WhiteElo "1503"]
[BlackElo "1757"]
[PlyCount "84"]
[EventDate "2009.07.11"]
[EventType "swiss"]
[EventRounds "9"]
[EventCountry "FRA"]
[SourceTitle "EXT 2010"]
[Source "ChessBase"]
[SourceDate "2010.11.25"]
[SourceVersion "1"]
[SourceVersionDate "2010.11.25"]
[SourceQuality "1"]

1. e4 c5 2. Nf3 d6 3. d4 cxd4 4. Nxd4 Nf6 5. Nc3 a6 6. Be3 e5 7. Nf3 b5 8. Bd3 Bb7 9. 0-0 Nbd7 10. a3 Be7 11. Qd2 0-0 12. Rfe1 Nc5 13. Bxc5 dxc5 14. Bf1 Qxd2 15. Nxd2 Rfd8 16. Rad1 b4 17. Nd5 Nxd5 18. exd5 Bxd5 19. c4 bxc3 20. bxc3 f6 21. Be2 f5 22. c4 Bc6 23. Nf3 Bf6 24. Rxd8+ Rxd8 25. Rd1 Rxd1+ 26. Bxd1 e4 27. Ne1 Bb2 28. a4 Bc3 29. Kf1 Kf7 30. Ke2 Ke6 31. Bb3 Ke5 32. Nc2 f4 33. f3 e3 34. g4 h6 35. h4 Ke6 36. h5 Kf6 37. Kd3 Bd4 38. Nxd4 cxd4 39. Bd1 Ke5 40. a5 Be8 41. Ke2 g6 42. c5 Bb5+ 0-1

[Event "St Chely d'Aubrac op 8th"]
[Site "St Chely d'Aubrac"]
[Date "2008.07.16"]
[Round "6"]
[White "Baeumlin, Francois"]
[Black "Mayet, Lucas"]
[Result "1-0"]
[WhiteElo "1995"]
[BlackElo "1695"]
[PlyCount "57"]
[EventDate "2008.07.13"]
[EventType "swiss"]
[EventRounds "9"]
[EventCountry "FRA"]
[SourceTitle "CBM 125 Extra"]
[Source "ChessBase"]
[SourceDate "2008.09.01"]
[SourceVersion "1"]
[SourceVersionDate "2008.09.01"]
[SourceQuality "1"]

1. e4 c5 2. Nf3 d6 3. Bc4 e6 4. 0-0 Nc6 5. c3 Nf6 6. Re1 Be7 7. d4 cxd4 8. cxd4 0-0 9. Nc3 Qc7 10. Bg5 a6 11. Rc1 b5 12. Nxb5 Qb6 13. Nc3 Qxb2 14. Na4 Qb7 15. Rb1 Qc7 16. Nb6 Ra7 17. Qe2 Bb7 18. Rec1 Qd8 19. d5 exd5 20. exd5 Na5 21. Be3 Ne4 22. Nd7 Qxd7 23. Bxa7 Nf6 24. Bxa6 Bxd5 25. Bb6 Nc6 26. a4 Rb8 27. a5 Be4 28. Bb5 Bxb1 29. Bxc6 1-0

[Event "St Chely d'Aubrac op 7th"]
[Site "St Chely d'Aubrac"]
[Date "2007.07.18"]
[Round "6"]
[White "Mayet, Lucas"]
[Black "Duffau, Pascal"]
[Result "0-1"]
[WhiteElo "1741"]
[BlackElo "2011"]
[PlyCount "56"]
[EventDate "2007.07.07"]
[EventType "swiss"]
[EventRounds "9"]
[EventCountry "FIN"]
[SourceTitle "EXT 2008"]
[Source "ChessBase"]
[SourceDate "2007.11.25"]
[SourceVersion "1"]
[SourceVersionDate "2007.11.25"]
[SourceQuality "1"]

1. d4 Nf6 2. c4 e6 3. Nf3 b6 4. Nc3 Bb7 5. e3 Be7 6. Bd3 d5 7. 0-0 0-0 8. b3 c5 9. Bb2 Nbd7 10. Rc1 Rc8 11. Qe2 Qc7 12. Rfd1 Rfe8 13. cxd5 exd5 14. dxc5 bxc5 15. Bf5 Rcd8 16. Ba3 Ne5 17. Nxe5 Qxe5 18. Bd3 Bd6 19. f4 Qxe3+ 20. Qxe3 Rxe3 21. f5 Bf4 22. Rc2 c4 23. Bxc4 Rc8 24. Bc1 dxc4 25. Bxe3 Bxe3+ 26. Kf1 cxb3 27. axb3 h5 28. Rd3 Ba6 0-1